Multiple Choice Tier-Quiz: Grizzly - Statistiken

Allgemein
  • Dieses Quiz wurde 23 mal gespielt
  • Das Durchschnittsergebnis liegt bei 7 aus 10
Antwortstatistiken
Frage Antwort % Korrekt
In welchem dieser Nationalparks kann man auf Grizzlys treffen? Yellowstone
95%
Grizzlys sind... Allesfresser
89%
Wie viele Jungtiere bringt eine Grizzlybärin in der Regel zur Welt? 2
84%
Was trifft beim Grizzlybär zu? Grizzlys sind Einzelgänger und treffen sich nur zur Paarung
84%
Wie alt können wild lebende Grizzlybären werden? 30 Jahre
74%
Grizzlys sind... sowohl tag- als auch nachtaktiv
68%
Mit welchem dieser Bären können Grizzlys Nachkommen zeugen? Eisbär
63%
Welcher moderne Westernfilm erzählt die Geschichte des Trappers Hugh Glass, der 1823 von einem Grizzly angegriffen und daraufhin von seiner Gruppe in der Wildnis zurückgelassen wurde? The Revenant
37%
Was machen Grizzlys im Winter? Winterruhe
32%
Wie schwer und groß kann ein Grizzly ungefähr werden? Bis zu 2,5 m groß und 860 kg schwer
26%
Keine übereinstimmenden Quizze gefunden
Verteilung der Resultate
Anzahl Personen mit jedem Resultat
Perzentil nach korrekt beantworteten Fragen
Ihre Resultats-Entwicklung
Sie haben dieses Quiz noch nicht gespielt